<?xml version="1.0" encoding="UTF-8"?>
<record
    xmlns:xsi="http://www.w3.org/2001/XMLSchema-instance"
    xsi:schemaLocation="http://www.loc.gov/MARC21/slim http://www.loc.gov/standards/marcxml/schema/MARC21slim.xsd"
    xmlns="http://www.loc.gov/MARC21/slim">

  <leader>01222nam a22002657a 4500</leader>
  <controlfield tag="001">113758</controlfield>
  <controlfield tag="003">DR-UNIBE</controlfield>
  <controlfield tag="005">20250617145344.0</controlfield>
  <controlfield tag="008">250617b2016    dr ||||| |||| 00| 0 spa d</controlfield>
  <datafield tag="040" ind1=" " ind2=" ">
    <subfield code="a">BIBLIOTECA UNIBE</subfield>
    <subfield code="b">spa</subfield>
    <subfield code="c">BIBLIOTECA UNIBE</subfield>
    <subfield code="e">rda</subfield>
  </datafield>
  <datafield tag="041" ind1=" " ind2=" ">
    <subfield code="a">spa</subfield>
  </datafield>
  <datafield tag="090" ind1=" " ind2=" ">
    <subfield code="a">FBIU-L NF C357 2016</subfield>
  </datafield>
  <datafield tag="245" ind1="1" ind2="0">
    <subfield code="a">Cat&#xE1;logo 2016 -2017 literatura infantil y juvenil Rep&#xFA;blica Dominicana /</subfield>
    <subfield code="c">Ruth Herrera;   subdirecci&#xF3;n de arte y producci&#xF3;n ; Mois&#xE9;s Kelly Santana ; subdirecci&#xF3;n de arte: Lilian Salcedo Fern&#xE1;ndez ; diagramaci&#xF3;n: Ana G&#xF3;mez Ota&#xF1;o</subfield>
  </datafield>
  <datafield tag="260" ind1=" " ind2=" ">
    <subfield code="a"> Santo Domingo : </subfield>
    <subfield code="b">Loqueleo : </subfield>
    <subfield code="b">Santillana, </subfield>
    <subfield code="c">2019</subfield>
  </datafield>
  <datafield tag="300" ind1=" " ind2=" ">
    <subfield code="a">84 p&#xE1;ginas : </subfield>
    <subfield code="b">fotos ; </subfield>
    <subfield code="c">26 x 20 cm</subfield>
  </datafield>
  <datafield tag="653" ind1=" " ind2="7">
    <subfield code="a"> Libros infantiles dominicanos- Cat&#xE1;lagos</subfield>
  </datafield>
  <datafield tag="653" ind1=" " ind2="7">
    <subfield code="a"> Libros juveniles dominicanos - Cat&#xE1;logos </subfield>
  </datafield>
  <datafield tag="653" ind1=" " ind2="7">
    <subfield code="a"> Libros y lectura - Cat&#xE1;logos - Rep&#xFA;blica Dominicana </subfield>
  </datafield>
  <datafield tag="653" ind1=" " ind2="7">
    <subfield code="a">Promoci&#xF3;n de la lectura - Rep&#xFA;blica Dominicana</subfield>
  </datafield>
  <datafield tag="700" ind1="1" ind2="0">
    <subfield code="a">Herrera, Ruth,</subfield>
    <subfield code="d">1965-</subfield>
    <subfield code="9">53463</subfield>
    <subfield code="e">redactor</subfield>
    <subfield code="e">coordinador</subfield>
  </datafield>
  <datafield tag="700" ind1="1" ind2="0">
    <subfield code="a">Kelly Santana, Mois&#xE9;s</subfield>
    <subfield code="9">115217</subfield>
    <subfield code="e">director de arte</subfield>
    <subfield code="e">productor</subfield>
  </datafield>
  <datafield tag="700" ind1="1" ind2="0">
    <subfield code="a">Salcedo Fern&#xE1;ndez, Lilian</subfield>
    <subfield code="9">115218</subfield>
    <subfield code="e">subdirector de arte</subfield>
  </datafield>
  <datafield tag="700" ind1="1" ind2="0">
    <subfield code="a">G&#xF3;mez Ota&#xF1;o, Ana</subfield>
    <subfield code="9">115219</subfield>
    <subfield code="e">diagramador</subfield>
  </datafield>
  <datafield tag="942" ind1=" " ind2=" ">
    <subfield code="2">ddc</subfield>
    <subfield code="c">BK</subfield>
  </datafield>
  <datafield tag="999" ind1=" " ind2=" ">
    <subfield code="c">113758</subfield>
    <subfield code="d">113758</subfield>
  </datafield>
  <datafield tag="952" ind1=" " ind2=" ">
    <subfield code="0">0</subfield>
    <subfield code="1">0</subfield>
    <subfield code="2">ddc</subfield>
    <subfield code="7">1</subfield>
    <subfield code="8">FBIU</subfield>
    <subfield code="a">Principal</subfield>
    <subfield code="d">2025-06-17</subfield>
    <subfield code="l">0</subfield>
    <subfield code="o">FBIU-L NF C357 2016</subfield>
    <subfield code="p">FBIU0871</subfield>
    <subfield code="r">2025-06-17 10:52:58</subfield>
    <subfield code="t">Ej.1</subfield>
    <subfield code="w">2025-06-17</subfield>
    <subfield code="y">BK-RES</subfield>
  </datafield>
</record>
